[Event "Abe Yanofsky mem U1800"]
[Site "Winnipeg CAN"]
[Date "2007.08.31"]
[Round "1"]
[White "Gibbons, Lorne"]
[Black "Webb, Calvin"]
[Result "1-0"]
[WhiteElo "1280"]
[BlackElo "1666"]
[PlyCount "91"]
[GameId "2160767910579521"]
[EventDate "2007.09.01"]
[EventType "swiss"]
[EventRounds "5"]
[EventCountry "CAN"]
[SourceTitle "EXT 2022"]
[Source "ChessBase"]
[SourceDate "2021.10.06"]
[SourceVersion "1"]
[SourceVersionDate "2021.10.06"]
[SourceQuality "1"]

1. d4 d5 2. c4 e6 3. a3 Nf6 4. Nc3 Be7 5. Bf4 Nbd7 6. Nb5 O-O 7. Nxc7 dxc4 8. Nxa8 Nd5 9. Bg3 Bg5 10. Nf3 Qa5+ 11. Nd2 c3 12. bxc3 Nxc3 13. Qc2 Ne4 14. e3 Nxd2 15. Qxd2 Bd8 16. Bd3 f5 17. Qxa5 Bxa5+ 18. Ke2 Nf6 19. Nc7 a6 20. Bc4 Bxc7 21. Bxc7 Bd7 22. Be5 Bc6 23. Bxf6 Rxf6 24. f3 Kf8 25. Rhd1 Ba4 26. Rd2 b5 27. Ba2 Rh6 28. h3 Rg6 29. Kf2 Ke7 30. f4 h5 31. d5 exd5 32. Rxd5 Rc6 33. Rd2 Rc3 34. Bd5 g6 35. Bf3 Bb3 36. Bd1 Be6 37. Rc2 Rd3 38. Rc6 a5 39. Rb6 Rd2+ 40. Kg1 Rb2 41. a4 b4 42. Ra6 g5 43. fxg5 Bd5 44. Bf3 Bxf3 45. gxf3 Re2 46. Rxa5 1-0

[Event "Abe Yanofsky mem U1800"]
[Site "Winnipeg CAN"]
[Date "2007.08.31"]
[Round "1"]
[White "Gibson, Fred"]
[Black "Raihman, Daniel"]
[Result "0-1"]
[WhiteElo "1347"]
[BlackElo "1736"]
[PlyCount "46"]
[GameId "2160767910579522"]
[EventDate "2007.09.01"]
[EventType "swiss"]
[EventRounds "5"]
[EventCountry "CAN"]
[SourceTitle "EXT 2022"]
[Source "ChessBase"]
[SourceDate "2021.10.06"]
[SourceVersion "1"]
[SourceVersionDate "2021.10.06"]
[SourceQuality "1"]

1. e4 c5 2. Nc3 Nc6 3. g3 d6 4. Bg2 Nf6 5. d3 g6 6. Nge2 Bg7 7. O-O a6 8. h3 O-O 9. Be3 Qc7 10. Qd2 d5 11. Rae1 Bd7 12. Bh6 e6 13. Bxg7 Kxg7 14. f4 Ne7 15. g4 b5 16. Ng3 Rad8 17. h4 Nxg4 18. h5 Nf6 19. Rf3 b4 20. Nd1 dxe4 21. Rfe3 Qxf4 22. Rf1 Qg5 23. Nf2 Ned5 0-1

[Event "Abe Yanofsky mem U1800"]
[Site "Winnipeg CAN"]
[Date "2007.08.31"]
[Round "1"]
[White "Goodman, Clifford"]
[Black "Swift, Ryne"]
[Result "1/2-1/2"]
[WhiteElo "1587"]
[BlackElo "1127"]
[PlyCount "97"]
[GameId "2160767910579523"]
[EventDate "2007.09.01"]
[EventType "swiss"]
[EventRounds "5"]
[EventCountry "CAN"]
[SourceTitle "EXT 2022"]
[Source "ChessBase"]
[SourceDate "2021.10.06"]
[SourceVersion "1"]
[SourceVersionDate "2021.10.06"]
[SourceQuality "1"]

1. Nf3 Nf6 2. b3 b6 3. Bb2 Bb7 4. d3 Nc6 5. g3 e6 6. e4 d5 7. e5 Nd7 8. Bg2 Rb8 9. O-O Be7 10. Qe2 O-O 11. Nbd2 Re8 12. Rad1 Nf8 13. c4 Qc8 14. cxd5 exd5 15. Rfe1 Ng6 16. e6 Qxe6 17. Qxe6 fxe6 18. Rxe6 Bd6 19. Rxe8+ Rxe8 20. Re1 Rxe1+ 21. Nxe1 Nge7 22. Nc2 Ba6 23. Ne3 d4 24. Nec4 Bc5 25. Ne4 Nb4 26. Bf1 Nxa2 27. Nxc5 bxc5 28. Ba3 Nb4 29. Ne5 Bb5 30. Bxb4 cxb4 31. Bh3 Nc6 32. Nxc6 Bxc6 33. Be6+ Kf8 34. Bc4 Ke7 35. Kf1 Kd6 36. Ke2 Kc5 37. Kd2 a5 38. Kc2 a4 39. bxa4 Bxa4+ 40. Bb3 Kb5 41. f4 c5 42. g4 Bxb3+ 43. Kxb3 Kc6 44. Kc4 Kd6 45. Kb3 h6 46. Kc4 Ke6 47. Kb3 g5 48. fxg5 hxg5 49. h3 1/2-1/2

[Event "Abe Yanofsky mem U1800"]
[Site "Winnipeg CAN"]
[Date "2007.08.31"]
[Round "1"]
[White "Green, Jim"]
[Black "Letain, Cory"]
[Result "1-0"]
[WhiteElo "1753"]
[BlackElo "1350"]
[PlyCount "51"]
[GameId "2160767910579524"]
[EventDate "2007.09.01"]
[EventType "swiss"]
[EventRounds "5"]
[EventCountry "CAN"]
[SourceTitle "EXT 2022"]
[Source "ChessBase"]
[SourceDate "2021.10.06"]
[SourceVersion "1"]
[SourceVersionDate "2021.10.06"]
[SourceQuality "1"]

1. e4 e5 2. Nf3 Nc6 3. Bb5 Nd4 4. Nxd4 exd4 5. d3 Bb4+ 6. c3 dxc3 7. Nxc3 c6 8. Bc4 d5 9. exd5 cxd5 10. Qa4+ Bd7 11. Qxb4 dxc4 12. dxc4 Nf6 13. O-O a6 14. Bg5 h6 15. Bxf6 Qxf6 16. Rfe1+ Be6 17. Nd5 Qd8 18. Rad1 Rb8 19. Nb6 Qe7 20. Qa4+ Kf8 21. Nd7+ Bxd7 22. Qxd7 Qxd7 23. Rxd7 g6 24. Ree7 Rh7 25. Rxb7 Rd8 26. Red7 1-0

[Event "Abe Yanofsky mem U1800"]
[Site "Winnipeg CAN"]
[Date "2007.08.31"]
[Round "1"]
[White "Hanrahan, Nigel"]
[Black "Green, Leah"]
[Result "1-0"]
[WhiteElo "1648"]
[BlackElo "1250"]
[PlyCount "67"]
[GameId "2160767910579525"]
[EventDate "2007.09.01"]
[EventType "swiss"]
[EventRounds "5"]
[EventCountry "CAN"]
[SourceTitle "EXT 2022"]
[Source "ChessBase"]
[SourceDate "2021.10.06"]
[SourceVersion "1"]
[SourceVersionDate "2021.10.06"]
[SourceQuality "1"]

1. c4 e5 2. g3 g6 3. Bg2 Bg7 4. Nc3 Nc6 5. d3 d6 6. e4 Nf6 7. h3 Be6 8. Nd5 Bxd5 9. cxd5 Nd4 10. Ne2 c5 11. O-O Qe7 12. Bg5 O-O 13. Qd2 h6 14. Be3 Nh5 15. Nxd4 cxd4 16. Bxh6 Bxh6 17. Qxh6 Rac8 18. Rac1 Qf6 19. Rxc8 Rxc8 20. Rc1 Rxc1+ 21. Qxc1 Kg7 22. Qc7 a6 23. Qxb7 Qg5 24. Qxa6 Qc1+ 25. Kh2 Qxb2 26. Qxd6 f6 27. Qe7+ Kh6 28. Qf8+ Kh7 29. Qf7+ Kh6 30. Kg1 Qb1+ 31. Bf1 Qxa2 32. Qg8 Ng7 33. Qh8+ Kg5 34. Qh4# 1-0

[Event "Abe Yanofsky mem U1800"]
[Site "Winnipeg CAN"]
[Date "2007.08.31"]
[Round "1"]
[White "Kwiatek, Jordan"]
[Black "Taylor, Evan"]
[Result "1-0"]
[WhiteElo "1791"]
[BlackElo "1393"]
[PlyCount "51"]
[GameId "2160767910579526"]
[EventDate "2007.09.01"]
[EventType "swiss"]
[EventRounds "5"]
[EventCountry "CAN"]
[SourceTitle "EXT 2022"]
[Source "ChessBase"]
[SourceDate "2021.10.06"]
[SourceVersion "1"]
[SourceVersionDate "2021.10.06"]
[SourceQuality "1"]

1. d4 Nf6 2. c4 g6 3. Nc3 Bg7 4. e4 d6 5. Be2 Nbd7 6. f4 O-O 7. Nf3 c5 8. O-O cxd4 9. Nxd4 Qb6 10. Be3 Nc5 11. Nb3 Qc7 12. Nxc5 dxc5 13. e5 Nd7 14. Nd5 Qd8 15. Bf3 e6 16. Nc3 Rb8 17. Qd6 Qb6 18. Qd3 Qd8 19. Rfd1 a6 20. Bxc5 Re8 21. Bd6 Ra8 22. b4 Qb6+ 23. c5 Qb5 24. Qc2 a5 25. a4 Qxb4 26. c6 1-0

[Event "Abe Yanofsky mem U1800"]
[Site "Winnipeg CAN"]
[Date "2007.08.31"]
[Round "1"]
[White "Magnusson, Saul"]
[Black "Anderson, George"]
[Result "0-1"]
[WhiteElo "1056"]
[BlackElo "1536"]
[PlyCount "33"]
[GameId "2160767910579527"]
[EventDate "2007.09.01"]
[EventType "swiss"]
[EventRounds "5"]
[EventCountry "CAN"]
[SourceTitle "EXT 2022"]
[Source "ChessBase"]
[SourceDate "2021.10.06"]
[SourceVersion "1"]
[SourceVersionDate "2021.10.06"]
[SourceQuality "1"]

1. e4 e6 2. d4 d5 3. Nc3 c5 4. Bb5+ Bd7 5. e5 Qb6 6. Bxd7+ Nxd7 7. Qd3 cxd4 8. Nce2 Nxe5 9. Qg3 Ng6 10. Nf3 Nf6 11. O-O Bd6 12. Bf4 Nh5 13. Qg4 Nhxf4 14. Nexd4 Be5 15. Nxe5 Qxd4 16. Nxg6 hxg6 17. g3 0-1

[Event "Abe Yanofsky mem U1800"]
[Site "Winnipeg CAN"]
[Date "2007.08.31"]
[Round "1"]
[White "Sigurdson, Matthew"]
[Black "Atem, James"]
[Result "0-1"]
[WhiteElo "1363"]
[BlackElo "1753"]
[PlyCount "62"]
[GameId "2160767910579529"]
[EventDate "2007.09.01"]
[EventType "swiss"]
[EventRounds "5"]
[EventCountry "CAN"]
[SourceTitle "EXT 2022"]
[Source "ChessBase"]
[SourceDate "2021.10.06"]
[SourceVersion "1"]
[SourceVersionDate "2021.10.06"]
[SourceQuality "1"]

1. e4 c5 2. c3 Nc6 3. d4 cxd4 4. cxd4 e6 5. Nf3 Bb4+ 6. Bd2 Qb6 7. Bc3 Nf6 8. Bd3 Ng4 9. O-O O-O 10. Qb3 Qa5 11. a3 Bxc3 12. Nxc3 Qc7 13. Rac1 Nxd4 14. g3 Nxb3 15. Rcd1 a6 16. Bc2 Nc5 17. Rd4 b5 18. Re1 Bb7 19. Ng5 h6 20. e5 Nxe5 21. Nce4 hxg5 22. Nxg5 g6 23. h4 Nf3+ 24. Nxf3 Bxf3 25. Rf4 Qc6 26. Kh2 Kg7 27. Re3 Bd5 28. h5 gxh5 29. Re5 f5 30. Rh4 Kf6 31. Re1 Ne4 0-1

[Event "Abe Yanofsky mem U1800"]
[Site "Winnipeg CAN"]
[Date "2007.08.31"]
[Round "1"]
[White "Tait, Bruce"]
[Black "Gannon, Keith"]
[Result "0-1"]
[WhiteElo "1195"]
[BlackElo "1644"]
[PlyCount "78"]
[GameId "2160767910579530"]
[EventDate "2007.09.01"]
[EventType "swiss"]
[EventRounds "5"]
[EventCountry "CAN"]
[SourceTitle "EXT 2022"]
[Source "ChessBase"]
[SourceDate "2021.10.06"]
[SourceVersion "1"]
[SourceVersionDate "2021.10.06"]
[SourceQuality "1"]

1. Nf3 Nf6 2. b3 d5 3. Bb2 e6 4. e3 Be7 5. c4 c5 6. Be2 O-O 7. Qc2 Nc6 8. a3 Re8 9. O-O a6 10. d3 Rb8 11. Nbd2 b5 12. cxd5 exd5 13. Rac1 d4 14. b4 dxe3 15. fxe3 Bg4 16. bxc5 Nd5 17. Kf2 Bh4+ 18. g3 Nxe3 19. Qc3 Bf6 20. Qb3 Bxb2 21. Qxb2 Nxf1 22. Kxf1 Qe7 23. Ne4 Bxf3 24. Bxf3 Ne5 25. Be2 Qe6 26. Kg2 Qd5 27. Rc3 f5 28. Bf3 Nxf3 29. Nd6 Ne1+ 30. Kh3 Red8 31. Qe2 Nf3 32. Qc2 Ng5+ 33. Kh4 h6 34. Qf2 g6 35. d4 Nf7 36. Nxf7 Kxf7 37. c6 Qxd4+ 38. Qxd4 Rxd4+ 39. Kh3 Rd2 0-1

[Event "Abe Yanofsky mem U1800"]
[Site "Winnipeg CAN"]
[Date "2007.09.01"]
[Round "2"]
[White "Anderson, George"]
[Black "Green, Jim"]
[Result "1-0"]
[WhiteElo "1536"]
[BlackElo "1753"]
[PlyCount "93"]
[GameId "2160767910579532"]
[EventDate "2007.09.01"]
[EventType "swiss"]
[EventRounds "5"]
[EventCountry "CAN"]
[SourceTitle "EXT 2022"]
[Source "ChessBase"]
[SourceDate "2021.10.06"]
[SourceVersion "1"]
[SourceVersionDate "2021.10.06"]
[SourceQuality "1"]

1. e4 e5 2. Nf3 Nc6 3. d4 exd4 4. c3 dxc3 5. Bc4 c2 6. Qxc2 Bb4+ 7. Nc3 d6 8. Qb3 Bxc3+ 9. bxc3 Qe7 10. O-O Nf6 11. e5 Nxe5 12. Nxe5 dxe5 13. Be3 c5 14. Qb5+ Nd7 15. Bd5 a6 16. Qb3 Rb8 17. f4 O-O 18. fxe5 b5 19. e6 Nf6 20. exf7+ Kh8 21. c4 Nxd5 22. cxd5 Rxf7 23. Rxf7 Qxf7 24. Rf1 Qe7 25. Qb2 Rb7 26. d6 Qe8 27. Bxc5 Rf7 28. Bd4 Rxf1+ 29. Kxf1 Qf7+ 30. Qf2 Qxf2+ 31. Kxf2 Be6 32. a3 Kg8 33. Bb6 Kf7 34. Ke3 Ke8 35. Kd4 Kd7 36. Bc7 Kc6 37. Ke5 Bd7 38. Ba5 Kc5 39. h3 Kc4 40. g4 Kb3 41. Bb4 a5 42. Bxa5 Kxa3 43. Kd5 b4 44. Kc5 b3 45. Bc3 b2 46. Bxb2+ Kxb2 47. Kb6 1-0

[Event "Abe Yanofsky mem U1800"]
[Site "Winnipeg CAN"]
[Date "2007.09.01"]
[Round "2"]
[White "Atem, James"]
[Black "Hanrahan, Nigel"]
[Result "1-0"]
[WhiteElo "1753"]
[BlackElo "1648"]
[PlyCount "131"]
[GameId "2160767910579533"]
[EventDate "2007.09.01"]
[EventType "swiss"]
[EventRounds "5"]
[EventCountry "CAN"]
[SourceTitle "EXT 2022"]
[Source "ChessBase"]
[SourceDate "2021.10.06"]
[SourceVersion "1"]
[SourceVersionDate "2021.10.06"]
[SourceQuality "1"]

1. e4 c6 2. d4 d5 3. e5 Bf5 4. Nf3 e6 5. Be2 c5 6. Bb5+ Nc6 7. O-O Rc8 8. c3 a6 9. Bxc6+ Rxc6 10. b3 Bg4 11. h3 Bh5 12. Qd3 Bg6 13. Qe2 c4 14. Re1 Bd3 15. Qb2 b5 16. b4 a5 17. Bg5 Be7 18. Be3 Bxb1 19. Rexb1 a4 20. a3 g5 21. Qd2 h6 22. Rf1 Kd7 23. Ne1 f5 24. exf6 Nxf6 25. f4 Ne4 26. Qc2 g4 27. hxg4 Qg8 28. Nf3 Bd6 29. Nh2 Nf6 30. Qe2 Ne4 31. Rfc1 Qf7 32. Qf3 Rcc8 33. Rc2 Rcf8 34. Rf1 Qh7 35. Rcc1 h5 36. gxh5 Qxh5 37. Qxh5 Rxh5 38. g4 Rh3 39. Rf3 Rfh8 40. Rc2 Nxc3 41. Rxh3 Rxh3 42. Rxc3 Bxf4 43. Nf1 e5 44. dxe5 Bxe3+ 45. Rxe3 Rxe3 46. Nxe3 d4 47. Nd1 Ke6 48. Kf1 Kxe5 49. Ke2 Ke4 50. Nf2+ Kf4 51. Kd2 Kg5 52. Ne4+ Kxg4 53. Nd6 Kf4 54. Nxb5 Ke4 55. Nd6+ Kd5 56. Nf5 c3+ 57. Kd3 c2 58. Kxc2 Kc4 59. Nd6+ Kd5 60. Nf5 Kc4 61. Kb2 d3 62. Ne3+ Kd4 63. Nd1 Kc4 64. Nc3 d2 65. Kc2 d1=Q+ 66. Nxd1 1-0

[Event "Abe Yanofsky mem U1800"]
[Site "Winnipeg CAN"]
[Date "2007.09.01"]
[Round "2"]
[White "Crawford, Gary"]
[Black "Sigurdson, Matthew"]
[Result "0-1"]
[WhiteElo "1282"]
[BlackElo "1363"]
[PlyCount "50"]
[GameId "2160767910579535"]
[EventDate "2007.09.01"]
[EventType "swiss"]
[EventRounds "5"]
[EventCountry "CAN"]
[SourceTitle "EXT 2022"]
[Source "ChessBase"]
[SourceDate "2021.10.06"]
[SourceVersion "1"]
[SourceVersionDate "2021.10.06"]
[SourceQuality "1"]

1. e4 e6 2. d4 d5 3. Nd2 c5 4. c3 Nc6 5. dxc5 Bxc5 6. exd5 Qxd5 7. Nb3 Bxf2+ 8. Ke2 Qxd1+ 9. Kxd1 Nf6 10. Ne2 O-O 11. Kc2 e5 12. g3 Rd8 13. Bd2 Bf5+ 14. Kc1 Rac8 15. Bg2 Nb4 16. Rf1 Nd3+ 17. Kd1 Nxb2+ 18. Kc1 Nd3+ 19. Kd1 e4 20. Nbd4 Bg6 21. Nc2 Bb6 22. h3 Nb2+ 23. Kc1 Nc4 24. Ned4 Nxd2 25. Kxd2 Ba5 0-1

[Event "Abe Yanofsky mem U1800"]
[Site "Winnipeg CAN"]
[Date "2007.09.01"]
[Round "2"]
[White "Gannon, Keith"]
[Black "Kwiatek, Jordan"]
[Result "0-1"]
[WhiteElo "1644"]
[BlackElo "1791"]
[PlyCount "102"]
[GameId "2160767910579536"]
[EventDate "2007.09.01"]
[EventType "swiss"]
[EventRounds "5"]
[EventCountry "CAN"]
[SourceTitle "EXT 2022"]
[Source "ChessBase"]
[SourceDate "2021.10.06"]
[SourceVersion "1"]
[SourceVersionDate "2021.10.06"]
[SourceQuality "1"]

1. e4 e6 2. d4 d5 3. exd5 exd5 4. Nf3 Nc6 5. Be2 Bd6 6. Nc3 Nge7 7. Nb5 Bg4 8. Nxd6+ Qxd6 9. O-O f6 10. Re1 O-O-O 11. a3 Nf5 12. c3 Rde8 13. Bd2 Kb8 14. Bb5 Nh4 15. Rxe8+ Rxe8 16. Be2 Qe6 17. Be3 Nf5 18. Ne5 Nxe5 19. dxe5 Nxe3 20. fxe3 Bxe2 21. Qxe2 Qxe5 22. Re1 g6 23. g3 h5 24. Qf3 Qg5 25. h4 Qe5 26. Kf2 Qd6 27. Rd1 Re5 28. Kg2 Rf5 29. Qe2 Qe6 30. Rd4 c5 31. Rd1 Qe4+ 32. Kh2 Re5 33. Re1 d4 34. cxd4 cxd4 35. Qc4 dxe3 36. Qg8+ Re8 37. Qb3 f5 38. Qd1 Qe5 39. Re2 f4 40. gxf4 Qxf4+ 41. Kh3 Qg4+ 42. Kh2 Qxh4+ 43. Kg2 Qe4+ 44. Kh2 Qe5+ 45. Kg2 h4 46. Qe1 g5 47. b4 h3+ 48. Kxh3 Rh8+ 49. Kg2 Qe4+ 50. Kg3 Qf4+ 51. Kg2 Qg4+ 0-1

[Event "Abe Yanofsky mem U1800"]
[Site "Winnipeg CAN"]
[Date "2007.09.01"]
[Round "2"]
[White "Green, Leah"]
[Black "Gibson, Fred"]
[Result "0-1"]
[WhiteElo "1250"]
[BlackElo "1347"]
[PlyCount "60"]
[GameId "2160767910579537"]
[EventDate "2007.09.01"]
[EventType "swiss"]
[EventRounds "5"]
[EventCountry "CAN"]
[SourceTitle "EXT 2022"]
[Source "ChessBase"]
[SourceDate "2021.10.06"]
[SourceVersion "1"]
[SourceVersionDate "2021.10.06"]
[SourceQuality "1"]

1. e4 c5 2. g3 Nc6 3. Bg2 d6 4. d3 Nf6 5. Nc3 Nd4 6. Nf3 Bd7 7. Nd5 Nxd5 8. exd5 g6 9. Nxd4 cxd4 10. c4 dxc3 11. bxc3 Bg7 12. d4 Qa5 13. Bd2 O-O 14. O-O Qc7 15. Re1 Rfe8 16. Re2 Rab8 17. Qe1 Kf8 18. Qc1 b5 19. Bh6 Kg8 20. Bxg7 Kxg7 21. Re3 Bc8 22. Rb1 a6 23. c4 bxc4 24. Rxb8 Qxb8 25. Qxc4 Qb1+ 26. Bf1 Bh3 27. Qxa6 Rc8 28. Rb3 Qa1 29. f4 Bxf1 30. Qxf1 Rc1 0-1

[Event "Abe Yanofsky mem U1800"]
[Site "Winnipeg CAN"]
[Date "2007.09.01"]
[Round "2"]
[White "Raihman, Daniel"]
[Black "Green, Aaron"]
[Result "1/2-1/2"]
[WhiteElo "1736"]
[BlackElo "1521"]
[PlyCount "25"]
[GameId "2160767910579540"]
[EventDate "2007.09.01"]
[EventType "swiss"]
[EventRounds "5"]
[EventCountry "CAN"]
[SourceTitle "EXT 2022"]
[Source "ChessBase"]
[SourceDate "2021.10.06"]
[SourceVersion "1"]
[SourceVersionDate "2021.10.06"]
[SourceQuality "1"]

1. e4 c5 2. Nf3 d6 3. d4 cxd4 4. Nxd4 Nf6 5. Nc3 g6 6. Be2 Bg7 7. Be3 O-O 8. Qd2 Nc6 9. f4 Ng4 10. Bxg4 Bxg4 11. h3 Bd7 12. g4 Nxd4 13. Bxd4 1/2-1/2

[Event "Abe Yanofsky mem U1800"]
[Site "Winnipeg CAN"]
[Date "2007.09.01"]
[Round "2"]
[White "Swift, Ryne"]
[Black "Tuason, Alfred"]
[Result "0-1"]
[WhiteElo "1127"]
[BlackElo "1409"]
[PlyCount "89"]
[GameId "2160767910579541"]
[EventDate "2007.09.01"]
[EventType "swiss"]
[EventRounds "5"]
[EventCountry "CAN"]
[SourceTitle "EXT 2022"]
[Source "ChessBase"]
[SourceDate "2021.10.06"]
[SourceVersion "1"]
[SourceVersionDate "2021.10.06"]
[SourceQuality "1"]

1. e4 e6 2. d4 d5 3. exd5 exd5 4. Nc3 Nf6 5. Nf3 Bb4 6. Bd2 O-O 7. Be2 Bg4 8. O-O Nc6 9. Be3 Ne4 10. Nxe4 dxe4 11. Ne5 Bxe2 12. Nxc6 Bxd1 13. Nxd8 Be2 14. Ne6 fxe6 15. Rfc1 Bh5 16. c3 Bd6 17. Re1 Bg6 18. Rad1 c6 19. c4 Bf4 20. d5 Bxe3 21. Rxe3 exd5 22. cxd5 cxd5 23. Rxd5 Rad8 24. Rxd8 Rxd8 25. Kf1 Rd1+ 26. Ke2 Rd3 27. Rg3 Rxg3 28. hxg3 Kf7 29. Ke3 Ke6 30. Kd4 Kd6 31. f3 exf3 32. gxf3 h5 33. b4 Bc2 34. Kc3 Ba4 35. Kd4 g5 36. Ke4 Bc6+ 37. Kf5 Bxf3 38. Kxg5 Kd5 39. Kf4 Bg4 40. Ke3 Kc4 41. a3 Kb3 42. Kd4 Kxa3 43. Kc5 Ka4 44. b5 b6+ 45. Kc6 0-1

[Event "Abe Yanofsky mem U1800"]
[Site "Winnipeg CAN"]
[Date "2007.09.01"]
[Round "2"]
[White "Taylor, Evan"]
[Black "Magnusson, Saul"]
[Result "0-1"]
[WhiteElo "1393"]
[BlackElo "1056"]
[PlyCount "54"]
[GameId "2160767910579542"]
[EventDate "2007.09.01"]
[EventType "swiss"]
[EventRounds "5"]
[EventCountry "CAN"]
[SourceTitle "EXT 2022"]
[Source "ChessBase"]
[SourceDate "2021.10.06"]
[SourceVersion "1"]
[SourceVersionDate "2021.10.06"]
[SourceQuality "1"]

1. e4 e5 2. Nc3 Nc6 3. f4 Bc5 4. Nf3 exf4 5. d4 Nxd4 6. Bxf4 Ne6 7. Bg3 d6 8. Bc4 Nf6 9. Qd2 a6 10. O-O-O b5 11. Bb3 b4 12. Ne2 Nxe4 13. Qd5 Nxg3 14. hxg3 Bd7 15. Nf4 c6 16. Qf5 Qf6 17. Nxe6 fxe6 18. Qxf6 gxf6 19. Kb1 O-O-O 20. Rh6 Rdf8 21. Bc4 a5 22. Nd4 d5 23. Be2 Rf7 24. Nb3 Bd6 25. Bh5 Rff8 26. Nxa5 Bxg3 27. Rh1 Bf4 0-1

[Event "Abe Yanofsky mem U1800"]
[Site "Winnipeg CAN"]
[Date "2007.09.01"]
[Round "2"]
[White "Webb, Calvin"]
[Black "Tait, Bruce"]
[Result "1-0"]
[WhiteElo "1666"]
[BlackElo "1195"]
[PlyCount "97"]
[GameId "2160767910579543"]
[EventDate "2007.09.01"]
[EventType "swiss"]
[EventRounds "5"]
[EventCountry "CAN"]
[SourceTitle "EXT 2022"]
[Source "ChessBase"]
[SourceDate "2021.10.06"]
[SourceVersion "1"]
[SourceVersionDate "2021.10.06"]
[SourceQuality "1"]

1. d4 d5 2. c4 e6 3. Nc3 Nf6 4. Bg5 Be7 5. Nf3 c6 6. e3 Nbd7 7. Bd3 Qa5 8. Bh4 dxc4 9. Bxc4 b5 10. Bb3 Bb7 11. O-O O-O 12. Qe2 Rfe8 13. Rfe1 a6 14. e4 Bb4 15. Rac1 Rac8 16. a3 Bxc3 17. Rxc3 Qb6 18. e5 Nd5 19. Rc2 c5 20. dxc5 Nxc5 21. Ba2 Rc7 22. b4 Nd7 23. Rec1 Rec8 24. Bxd5 Bxd5 25. Bg3 Qb7 26. Rxc7 Rxc7 27. Rxc7 Qxc7 28. Qd2 Qc6 29. Nd4 Qb7 30. f4 f6 31. exf6 Nxf6 32. Bh4 Ne4 33. Qc2 Bc4 34. Nf3 Qd5 35. Bf2 Nxf2 36. Kxf2 Qf5 37. Qxf5 exf5 38. Ke3 h6 39. Kd4 Bf1 40. g3 Kf8 41. Kc5 Bg2 42. Nd4 Be4 43. Kb6 g5 44. Kxa6 Bd3 45. Kb6 Ke7 46. Nxb5 Bxb5 47. Kxb5 Kd6 48. Kc4 gxf4 49. gxf4 1-0

[Event "Abe Yanofsky mem U1800"]
[Site "Winnipeg CAN"]
[Date "2007.09.01"]
[Round "3"]
[White "Campbell, Gary"]
[Black "Tuason, Alfred"]
[Result "1/2-1/2"]
[WhiteElo "1714"]
[BlackElo "1409"]
[PlyCount "92"]
[GameId "2160767910579545"]
[EventDate "2007.09.01"]
[EventType "swiss"]
[EventRounds "5"]
[EventCountry "CAN"]
[SourceTitle "EXT 2022"]
[Source "ChessBase"]
[SourceDate "2021.10.06"]
[SourceVersion "1"]
[SourceVersionDate "2021.10.06"]
[SourceQuality "1"]

1. d4 e6 2. c4 d5 3. Nc3 h6 4. Nf3 Nf6 5. Qc2 Nc6 6. a3 Be7 7. e3 O-O 8. c5 b6 9. b4 Bb7 10. b5 Na5 11. c6 Bc8 12. Bb2 Nc4 13. Bxc4 dxc4 14. O-O Nd5 15. Ne4 f5 16. Ned2 c3 17. Bxc3 Nxc3 18. Qxc3 Bf6 19. Nc4 Qd5 20. Qb4 a5 21. Qa4 g5 22. Nfe5 h5 23. Rab1 g4 24. Ng6 Rf7 25. Nf4 Qd8 26. Ne5 Rg7 27. Qb3 Qe7 28. Nxh5 Rh7 29. Ng3 Bxe5 30. dxe5 Qh4 31. h3 gxh3 32. Nxf5 Qg5 33. Ng3 hxg2 34. Kxg2 Qxe5 35. Qd3 Qd5+ 36. Qxd5 exd5 37. Rbd1 Bh3+ 38. Kg1 Bxf1 39. Kxf1 Rd8 40. Ke2 Rh2 41. Ne4 d4 42. exd4 Re8 43. Kd3 Rh3+ 44. Ng3 Rf8 45. Ke3 Re8+ 46. Kd3 Rf8 1/2-1/2

[Event "Abe Yanofsky mem U1800"]
[Site "Winnipeg CAN"]
[Date "2007.09.01"]
[Round "3"]
[White "Gibson, Fred"]
[Black "Gannon, Keith"]
[Result "0-1"]
[WhiteElo "1347"]
[BlackElo "1644"]
[PlyCount "36"]
[GameId "2160767910579546"]
[EventDate "2007.09.01"]
[EventType "swiss"]
[EventRounds "5"]
[EventCountry "CAN"]
[SourceTitle "EXT 2022"]
[Source "ChessBase"]
[SourceDate "2021.10.06"]
[SourceVersion "1"]
[SourceVersionDate "2021.10.06"]
[SourceQuality "1"]

1. e4 e5 2. Nf3 d6 3. Bc4 Be7 4. h3 h6 5. d3 Nf6 6. Be3 Nc6 7. Nc3 Na5 8. O-O Nxc4 9. dxc4 Be6 10. c5 O-O 11. cxd6 Bxd6 12. Qd2 Bc4 13. Rfd1 Re8 14. b3 Be6 15. Nd5 Nxe4 16. Qc1 Nf6 17. Bxh6 Nxd5 18. Rxd5 Bxd5 0-1

[Event "Abe Yanofsky mem U1800"]
[Site "Winnipeg CAN"]
[Date "2007.09.01"]
[Round "3"]
[White "Goodman, Clifford"]
[Black "Letain, Cory"]
[Result "1-0"]
[WhiteElo "1587"]
[BlackElo "1350"]
[PlyCount "79"]
[GameId "2160767910579547"]
[EventDate "2007.09.01"]
[EventType "swiss"]
[EventRounds "5"]
[EventCountry "CAN"]
[SourceTitle "EXT 2022"]
[Source "ChessBase"]
[SourceDate "2021.10.06"]
[SourceVersion "1"]
[SourceVersionDate "2021.10.06"]
[SourceQuality "1"]

1. Nf3 d5 2. b3 Nc6 3. Bb2 Nf6 4. e3 e6 5. Bb5 Bd6 6. O-O Bd7 7. Bxc6 Bxc6 8. Ne5 Bxe5 9. Bxe5 O-O 10. Qf3 Ne4 11. d3 f6 12. Bxc7 Qxc7 13. dxe4 dxe4 14. Qe2 Rad8 15. Nd2 a6 16. Rad1 b5 17. c4 bxc4 18. Qxc4 Qd6 19. Qc2 Qe7 20. Qxc6 Rd6 21. Qc2 Rfd8 22. Nc4 Rd3 23. Rxd3 exd3 24. Qc3 e5 25. e4 Rd4 26. Rd1 Qd8 27. f3 Qc7 28. Rxd3 Qc5 29. Rxd4 exd4 30. Qd3 Qb4 31. h3 Qc3 32. Qxc3 dxc3 33. Na3 Kf7 34. Kf2 Ke6 35. Ke3 Ke5 36. Kd3 Kf4 37. Kxc3 Kg3 38. Nc4 Kxg2 39. f4 Kxh3 40. e5 1-0

[Event "Abe Yanofsky mem U1800"]
[Site "Winnipeg CAN"]
[Date "2007.09.01"]
[Round "3"]
[White "Green, Jim"]
[Black "Raihman, Daniel"]
[Result "1/2-1/2"]
[WhiteElo "1753"]
[BlackElo "1736"]
[PlyCount "88"]
[GameId "2160767910579549"]
[EventDate "2007.09.01"]
[EventType "swiss"]
[EventRounds "5"]
[EventCountry "CAN"]
[SourceTitle "EXT 2022"]
[Source "ChessBase"]
[SourceDate "2021.10.06"]
[SourceVersion "1"]
[SourceVersionDate "2021.10.06"]
[SourceQuality "1"]

1. e4 c5 2. Nf3 Nc6 3. Bb5 a6 4. Bxc6 dxc6 5. O-O g6 6. Qe2 Bg7 7. d3 Nf6 8. h3 O-O 9. Nbd2 b5 10. Rd1 Qb6 11. Nf1 Rd8 12. c3 Be6 13. Ng5 Bc8 14. e5 Nd5 15. e6 f6 16. Nf7 Rf8 17. Nh6+ Bxh6 18. Bxh6 Rd8 19. d4 Rd6 20. dxc5 Qxc5 21. Be3 Nxe3 22. Nxe3 Bxe6 23. Rxd6 Qxd6 24. b3 Rd8 25. Rd1 Qc7 26. Rxd8+ Qxd8 27. Nc2 Qd6 28. Ne3 Kf7 29. Qc2 Qe5 30. Qd2 Qd6 31. Qc2 Bd7 32. c4 b4 33. Qe2 c5 34. Kh1 Bc6 35. Kg1 Be4 36. a4 bxa3 37. Qa2 Qb6 38. Qxa3 Qb4 39. Qa2 a5 40. Kh2 Bc6 41. Kg1 a4 42. bxa4 Qxa4 43. Qb1 Qb4 44. Qc2 Ba4 1/2-1/2